|
|
|
|
| LEADER |
01692nam a2200289 a 4500 |
| 001 |
0017460 |
| 003 |
BD-DhAAL |
| 008 |
091010r19842007ii b 001 0 eng d |
| 020 |
|
|
|a 8170129486
|
| 040 |
|
|
|a DLC
|c DLC
|d DLC
|d BD-DhAAL
|
| 082 |
0 |
0 |
|a 364.954
|2 19
|
| 100 |
1 |
|
|a Qadri, Syed M. Afzal.
|9 58514
|
| 245 |
1 |
0 |
|a Ahmad's Siddique's Criminology :
|b problems & perspectives /
|c S.M.Afzal Qadri.
|
| 250 |
|
|
|a Fifth edition.
|
| 260 |
|
|
|a Lucknow :
|b Eastern Book Co.,
|c 1994 [reprinted 2007].
|
| 300 |
|
|
|a xxiv, 624, 15 p. ;
|c 22 cm
|
| 500 |
|
|
|a Spine title: Criminology, problems and perspectives.
|
| 504 |
|
|
|a Includes bibliographical references and index.
|
| 526 |
|
|
|a SOL
|x Saira Rahman Khan
Assistant Professor
School of Law
BRAC University
Course Name and No. Criminology and Penology (Law 343)
|
| 541 |
1 |
|
|e 00017460
|a D. S. Books International
|
| 650 |
|
0 |
|a Crime
|z India.
|9 58515
|
| 740 |
0 |
|
|a Criminology, problems and perspectives.
|
| 852 |
4 |
|
|a Ayesha Abed Library
|c General Stacks
|
| 942 |
0 |
0 |
|0 2
|2 ddc
|c BK
|
| 999 |
|
|
|c 4619
|d 4619
|
| 952 |
|
|
|0 0
|1 0
|2 ddc
|4 0
|6 364_954000000000000_QAD_2007
|7 0
|9 4404
|a BRACUL
|b BRACUL
|c GEN
|d 2009-10-18
|e D. S. Books International
|l 8
|m 14
|o 364.954 QAD
|p 3010017460
|r 2019-12-12
|s 2019-09-29
|t 1
|w 2009-10-18
|y BK
|x Requisitioned by Saira Rahman Khan (Assistant Professor) for the course named - "Criminology and Penology (Law 343)" ; USD 7.97
|
| 952 |
|
|
|0 0
|1 0
|2 ddc
|4 0
|6 364_954000000000000_QAD_2007
|7 0
|9 9456
|a BRACUL
|b BRACUL
|c GEN
|d 2010-04-26
|e D. S. Books International
|l 10
|m 42
|o 364.954 QAD
|p 3010017461
|r 2024-07-02
|s 2024-05-08
|t 2
|w 2010-04-26
|y BK
|x Requisitioned by Saira Rahman Khan (Assistant Professor) for the course named - "Criminology and Penology (Law 343)" ; USD 7.97
|